Journal of Economic and Social Development

Na minha lista:
Detalhes bibliográficos
Formato: Periódico
Idioma:inglês
Publicado em: Varazdin Development and Entrepreneurship Agency 2
Tags: Adicionar Tag
Sem tags, seja o primeiro a adicionar uma tag!

MARC

LEADER 00000nas1a2200000 4500
001 0249966
005 20210114103328.2
022 |a 1849-3327 
022 |a 1849-6628 
041 0 |a eng 
044 |a HR 
245 1 0 |a Journal of Economic and Social Development 
264 1 |a Varazdin  |b Development and Entrepreneurship Agency 2